Supergirl TV show - Statistics

General Stats
  • This quiz has been taken 733 times
    728 since last reset
  • The average score is 14 of 32
Answer Stats
Hint Answer % Correct
Supergirl's secret identity Kara Danvers
90%
She was trapped in the Phantom Zone for 24 years Supergirl
87%
Her adoptive sister Alex Danvers
86%
Supergirl's cousin Superman
83%
Owns a big time media company Cat Grant
81%
Helped design Supergirl's suit Winslow Schott Jr/'Winn'
69%
The Planet Supergirl is from Krypton
68%
Photagrapher with a connection to "The Big Man" James Olsen
67%
Media Company Cat Grant owns Catco Worldwide Media
63%
Refugee from Mars Hank Henshaw/J'onn J'onzz
62%
Lois Lane's younger sister Lucy Lane
62%
The age Kara was when she left Krypton 13
57%
Agency that Supergirl works with that deals with aliens and other extraterritorials DEO
56%
The Actress that plays Supergirl Melissa Benoist
53%
Kryptonian prison that crashed on earth along with Supergirl Fort Rozz
46%
Android designed to take out Supergirl Red Tornado
42%
Leader of an evil Kryptonian military force Astra
40%
Supergirl's mother Alura Zor-El
37%
Former radio shock jock that hates Supergirl Livewire
37%
Psychotic villian obsessed with toys and revenge Toyman
34%
Her husband and 2nd in command Non
33%
Clone of Supergirl created by Maxwell Lord Bizarro
25%
What the "S" on Supergirl's chest stands for The House of El
23%
Hates aliens, especially Supergirl Maxwell Lord
22%
Cat's younger 2nd son who has a bit of a crush on Supergirl Carter Grant
17%
Deadly parasitic alien plant that slowly kills victims while making them believe they're in their perfect life The Black Mercy
16%
Lucy's father who oversaw the Red Tornado project General Sam Lane
14%
Cat Grant's 1st son who Kara dated Adam Foster
13%
Formerly known as Brainiac-8 she can travel through and control technology Indigo
13%
Enemy of Superman that Supergirl defeated Reactron
11%
Axe weilding alien who tried to kill Supergirl in the Pilot Vartox
7%
Galactic bounty hunter who hunted Fort Rozz escapees Master Jailer
5%
No matching quizzes found
Score Distribution
Percent of People with Each Score
Percentile by Number Answered
Your Score History
You have not taken this quiz since the last reset